000 00447nam a22001577a 4500
005 20240805073538.0
008 240805b |||||||| |||| 00| 0 eng d
041 _aEnglish
082 _a349 SOU
100 _lEnglish
245 _aSouth African Law Reports: Natal
260 _aPietermaritzburg:
_bP. Davis & Sons,
_c1916
300 _blxiv, 565 pages;
_c25 cm.
650 _aLegal practice
_bLaw
942 _cBK
_6ALISON_BN_VRIES
999 _c2419
_d2419